|
|
|
|
| LEADER |
00000nam a2200000 a 4500 |
| 001 |
vtls001079975 |
| 003 |
SK-MaSNL |
| 005 |
20260413115215.0 |
| 008 |
250414s1988 xo 0 slo |
| 015 |
|
|
|a SNBA1989/02
|
| 035 |
|
|
|a SNK000022812
|
| 040 |
|
|
|a SNK
|b slo
|c SNK
|e AACR2
|
| 041 |
0 |
|
|a slo
|
| 044 |
|
|
|a xo
|c SK
|
| 080 |
|
|
|a 820-94
|2 1981
|
| 080 |
|
|
|a 937
|2 1981
|
| 100 |
1 |
|
|a Gibbon, Edward,
|d 1737-1794
|4 aut
|9 250002
|
| 245 |
1 |
0 |
|a Úpadok a zánik Rímskej ríše. /Zv./ 2
|c Edward Gibbon ; Viktor Krupa, Vojtech Kopčan, Svetozár Mydlo, Vojtech Kopčan
|
| 250 |
|
|
|a 2. vyd.
|
| 260 |
|
|
|a Bratislava
|b Tatran
|c 1988
|e Bratislava
|f Pravda
|
| 300 |
|
|
|a 272 s., 39,41 AH
|c 20 cm
|
| 366 |
|
|
|e 26000 výtl.
|
| 490 |
0 |
|
|a Kométa
|v Zv. 6.
|
| 500 |
|
|
|a Rozlož. ilustr. na tit. liste. Cena za 1. a 2. zv.
|
| 700 |
1 |
|
|a Kopčan, Vojtech,
|d 1940-2000
|4 [ADC]
|9 88197
|
| 700 |
1 |
|
|a Mydlo, Svetozár,
|d 1948-2014
|4 bkd
|9 164643
|
| 700 |
1 |
|
|a Kopčan, Vojtech,
|d 1940-2000
|4 oth
|9 88197
|
| 700 |
1 |
|
|a Krupa, Viktor,
|d 1936-2021
|4 trl
|9 5206
|
| 852 |
|
|
|a Slovenská národná knižnica
|
| 954 |
|
|
|a prózy historiografické
|
| 958 |
|
|
|a LX
|
| 958 |
|
|
|a TL
|
| 958 |
|
|
|a UP
|
| 958 |
|
|
|a OND
|
| 999 |
|
|
|c 533608
|d 535538
|
| 952 |
|
|
|t P60, <04>, [BOOK], {604}
|a SNK
|b SNK
|y VYP
|7 0
|p 17A0241113
|o snkSD 60660/2 D1
|0 0
|1 0
|4 0
|d 2000-05-29
|l 0
|r 2004-12-31 00:00:00
|w 2026-02-23
|